Slovenské poľnohospodárstvo v rokoch 1995 až 2007
Enregistré dans:
| Auteur principal: | |
|---|---|
| Format: | Livre |
| Langue: | slovaque |
| Publié: |
Bratislava
Výskumný ústav ekonomiky poľnohospodárstva a potravinárstva
2008
|
| Sujets: | |
| Tags: |
Pas de tags, Soyez le premier à ajouter un tag!
|
MARC
| LEADER | 00000nam$a2200000$$$4500 | ||
|---|---|---|---|
| 001 | 0087639 | ||
| 005 | 20240223110419.4 | ||
| 020 | |a 978-80-8058-493-1 | ||
| 041 | 0 | |a slo | |
| 044 | |a SK | ||
| 245 | 1 | 0 | |a Slovenské poľnohospodárstvo v rokoch 1995 až 2007 |c Ján Varoščák |
| 264 | 1 | |a Bratislava |b Výskumný ústav ekonomiky poľnohospodárstva a potravinárstva |c 2008 | |
| 300 | |a 97 s. | ||
| 610 | 2 | 0 | |a poľnohospodárstvo |
| 610 | 2 | 0 | |a účty |
| 610 | 2 | 0 | |a produkcia |
| 610 | 2 | 0 | |a výkonnosť |
| 610 | 2 | 0 | |a hodnota pridaná |
| 610 | 2 | 0 | |a výroba rastlinná |
| 610 | 2 | 0 | |a výroba živočíšna |
| 610 | 2 | 0 | |a kapitál fixný |
| 610 | 2 | 0 | |a spotreba |
| 610 | 2 | 0 | |a pôda poľnohospodárska |
| 610 | 2 | 0 | |a produktivita |
| 610 | 2 | 0 | |a dôchodky |
| 610 | 2 | 0 | |a mzdy |
| 610 | 2 | 0 | |a dane |
| 610 | 2 | 0 | |a dotácie |
| 610 | 2 | 0 | |a výroba |
| 610 | 2 | 0 | |a zisk podnikateľský |
| 610 | 2 | 0 | |a kapitál |
| 610 | 2 | 0 | |a Slovensko |
| 610 | 2 | 0 | |a Európska únia |
| 100 | 1 | |a Varoščák, Ján | |